00654nam a2200229Ia 4500008004000000041000800040082001200048100001600060245005500076260002600131650000700157650000800164650001000172650001100182650000700193650001700200650001900217690002200236906001100258999001900269952013600288210210b1958 xxu||||| |||| 00| 0 eng d aeng a320/625 aWHITE (L D) aIntroduction to the study of public administration abNot Mentionedc1958 ato athe astudy apublic aof aIntroduction aadministration aPolitical Science a003258 c118595d118595 001040748Political ScienceaALbALcPolitical Scienced2021-02-17g0.00l0o320/625p003258r2021-02-17 00:00:00w2021-02-17yBK